000 00420nam a2200181Ia 4500
001 16879
005 20260306170343.0
008 260306t2010||||xx |||||||||||||| ||und||
041 _aESP
082 _a657.3
_bB15
100 _aBaena Toro, Diego
_eAUT
245 0 _aAnĂ¡lisis financiero:
_benfoque y proyecciones
260 _c2010
300 _a
_c
650 _aGEN
654 _aCCO
942 _cLIB
_dJUS
_fJUS
_2ddc
_n
999 _c16879
_d16879